[Event "FRA-ch U14"]
[Site "Amiens"]
[Date "2001.04.09"]
[Round "2"]
[White "Lepan, Marvin"]
[Black "Truchot, Baptiste"]
[Result "1/2-1/2"]
[WhiteElo "2130"]
[BlackElo "1900"]
[PlyCount "76"]
[EventDate "2001.04.??"]
[EventType "swiss"]
[EventRounds "9"]
[EventCountry "FRA"]
[SourceTitle "EXT 2005"]
[Source "ChessBase"]
[SourceDate "2004.11.15"]
[SourceVersion "1"]
[SourceVersionDate "2004.11.15"]
[SourceQuality "1"]

1. d4 e6 2. c4 f5 3. g3 Nf6 4. Bg2 Be7 5. Nd2 d5 6. Nh3 0-0 7. 0-0 c6 8. b3 b6 9. Bb2 Bd6 10. Nf3 Ba6 11. Rc1 Qe7 12. Ne5 Bxe5 13. dxe5 Nfd7 14. cxd5 exd5 15. Bxd5+ Kh8 16. e6 Nc5 17. Bc4 Bxc4 18. Rxc4 Nxe6 19. Qc1 c5 20. Rh4 Kg8 21. Qc4 Qf7 22. e4 Nc6 23. exf5 Ned4 24. Qxf7+ Rxf7 25. Re4 Nf3+ 26. Kg2 Nd2 27. Re6 Nxf1 28. Rxc6 Nd2 29. g4 h6 30. f3 Re8 31. Nf4 Re3 32. Bc1 Rd7 33. Ng6 Re2+ 34. Kh3 Rd8 35. Bxd2 Rexd2 36. Nf4 R2d6 37. Rc7 R6d7 38. Rc6 Rd6 1/2-1/2

[Event "FRA-chT 0001 U18"]
[Site "Gonfreville"]
[Date "2000.12.22"]
[Round "6"]
[White "Lepan, Marvin"]
[Black "Bonnet, Edouard"]
[Result "0-1"]
[WhiteElo "2026"]
[BlackElo "2155"]
[PlyCount "135"]
[EventDate "2000.11.??"]
[EventType "team"]
[EventRounds "11"]
[EventCountry "FRA"]
[SourceTitle "EXT 2002"]
[Source "ChessBase"]
[SourceDate "2001.11.25"]
[SourceVersion "1"]
[SourceVersionDate "2001.11.25"]
[SourceQuality "1"]

1. d4 Nf6 2. Bg5 Ne4 3. Bf4 c5 4. f3 Qa5+ 5. c3 Nf6 6. Nd2 cxd4 7. Nb3 Qb6 8. Qxd4 Qxd4 9. cxd4 Nc6 10. Rc1 d6 11. e4 e6 12. a3 Bd7 13. Ne2 Be7 14. Nc3 a6 15. Be2 0-0 16. Be3 b5 17. 0-0 Rab8 18. Nd2 Rb7 19. b4 Rc8 20. Nb3 Bd8 21. Rfd1 Bb6 22. Kf2 Rbc7 23. Nb1 Kf8 24. g4 Be8 25. h4 Nd7 26. h5 Ba7 27. Rc2 Ke7 28. Rdc1 Bb8 29. N1d2 Nd8 30. Bd3 Rxc2 31. Rxc2 Rxc2 32. Bxc2 Nc6 33. Bg5+ Kf8 34. Be3 Ba7 35. Bb1 Nb6 36. Nc1 h6 37. Bc2 Ke7 38. Ne2 d5 39. e5 a5 40. bxa5 Nxa5 41. Bd3 Nbc4 42. Nxc4 bxc4 43. Bc2 Kd7 44. Bd2 Nc6 45. Ba4 Ke7 46. Bxc6 Bxc6 47. Bb4+ Ke8 48. Ke3 Ba4 49. Nc3 Bd7 50. Bd6 Bb6 51. Bb4 Bd8 52. Ne2 f6 53. exf6 Bxf6 54. f4 Bd8 55. Kf3 Bb6 56. g5 Kf7 57. Kg3 Ba4 58. Nc3 Bc2 59. Nb5 Bd1 60. Nd6+ Kg8 61. Bc3 Bxh5 62. gxh6 gxh6 63. f5 Bc7 64. Bb4 exf5 65. Kh4 Bg4 66. Nb5 h5 67. a4 f4 68. a5 0-1